PGE Ekstraliga - Tabela końcowa drużyn w sezonie 2014 - Statystyki

Ogólne statystyki
  • Ten quiz został rozwiązany 24 razy
  • Średni wynik to 7 z 8
Statystyki odpowiedzi
MIEJSCE DRUŻYNA M Z R P B PKT % Poprawnych
4. FOGO Unia Leszno 14 7 2 5 3 19
95%
2. Stal Gorzów 14 9 1 4 5 24
91%
1. Grupa Azoty Unia Tarnów 14 12 1 1 7 32
86%
6. BETARD Sparta Wrocław 14 3 1 10 3 10
82%
3. SPAR Falubaz Zielona Góra 14 8 1 5 3 20
82%
7. Włókniarz Częstochowa 14 3 0 11 1 7
82%
5. Unibax Toruń 14 9 0 5 5 15
77%
8. Zdunek Wybrzeże Gdańsk 14 2 0 12 0 4
73%
Nie znaleziono quizów pasujących do podanych kryteriów
Rozkład punktacji
Procent ludzi z każdym wynikiem
Percentyl według liczby udzielonych odpowiedzi
Twoja historia wyników
Nie rozwiązałeś tego quizu